Logo BPK

Biblioteka

Politechniki Koszalińskiej

Metody arytmetyki przedziałowej w badaniach układów nieliniowych / (Rekord nr 45634)

Szczegóły MARC
000 -ETYKIETA REKORDU
podpole kontrolne o stałej długości 00986nam a2200241 i 4500
001 - NUMER KONTROLNY REKORDU
pole kontrolne bg
040 ## - ŹRÓDŁO KATALOGOWANIA
Instytucja, która utworzyła rekord BPK
041 0# - KOD JĘZYKA
Kod języka tekstu pol
080 ## - UNIWERSALNA KLASYFIKACJA DZIESIĘTNA - UKD
UKD 512:515
008 - POLE O STAŁEJ DŁUGOŚCI - DANE KONTROLNE
podpole kontrolne o stałej długości s pl f |000 0 pol
100 1# - NAZWA OSOBOWA
Nazwa osobowa GALIAS, Zbigniew
245 10 - TYTUŁ/ODPOWIEDZIALNOŚĆ
Tytuł Metody arytmetyki przedziałowej w badaniach układów nieliniowych /
Pozostałe elementy strefy tytułu i oznaczenia odpowiedzialności Zbigniew Galias.
246 11 - WARIANT TYTUŁU
Tytuł Interval arithmetic for investigations of nonlinear systems
260 ## - STREFA ADRESU WYDAWNICZEGO
Miejsce wydania Kraków :
Nazwa wydawcy/dystrybutora AGH. Uczelniane Wydawnictwa Naukowo-Dydaktyczne,
Data publikacji, dystrybucji/powstania dokumentu 2003.
300 ## - STREFA OPISU FIZYCZNEGO
Objętość 176, [1] s. :
Inne cechy fizyczne wykr. ;
Rozmiary 24 cm.
490 1# - STREFA SERII I DOKUMENTU WIELOCZĘŚCIOWEGO - FORMA NIE DO WYSZUKIWANIA
Tytuł i oznaczenie odpowiedzialności serii Rozprawy, Monografie / [Akademia Górniczo-Hutnicza im. Stanisława Staszica w Krakowie] =
-- Dissertations, Monographs,
ISSN 0867-6631 ;
Numeracja w obrębie serii 122
500 ## - UWAGI OGÓLNE
Tekst uwagi Tyt. równol.: Interval arithmetic for investigations of nonlinear systems".
504 ## - UWAGA DOTYCZĄCA BIBLIOGRAFII
Informacje o bibliografii Bibliogr.
650 #9 - HASŁO PRZEDMIOTOWE W FORMIE NAZWY OGÓLNEJ LUB JEDNOSTKOWEJ
Nazwa ogólna lub geograficzna Arytmetyka
650 #9 - HASŁO PRZEDMIOTOWE W FORMIE NAZWY OGÓLNEJ LUB JEDNOSTKOWEJ
Nazwa ogólna lub geograficzna Topologia
830 #0 - HASŁO DODATKOWE SERII LUB DOKUMENTU WIELOCZĘŚCIOWEGO - TYTUŁ UJEDNOLICONY
Tytuł ujednolicony Rozprawy, Monografie ([Akademia Górniczo-Hutnicza im. Stanisława Staszica w Krakowie]) ;
Oznaczenie tomu 122
856 ## - LOKALIZACJA I DOSTĘP DO ELEKTRONICZNYCH DOKUMENTÓW ZDALNYCH
Link (URL) http://koha.tu.koszalin.pl/cgi-bin/koha/opac-detail.pl?biblionumber=45634
Tekst linku Katalog online BPK
942 ## - DODATKOWE ELEMENTY (KOHA)
Typ dokumentu Książka
Egzemplarze
Wycofany Status egzemplarza Uszkodzony Dostępność Lokalizacja stała Lokalizacja bieżąca Miejsce przechowywania Sygnatura Kod kreskowy Typ dokumentu
      Dostępny Biblioteka Politechniki Koszalińskiej Biblioteka Politechniki Koszalińskiej Wypożyczalnia BG 74663 02244563 Książka
© 2023 Biblioteka Politechniki Koszalińskiej :: KOHA